[Event "SE-2012-0-00132"]
[Site "LSS email"]
[Date "2013.02.03"]
[Round "?"]
[White "Bieszk, Stanislaw"]
[Black "Hahn, Christof"]
[Result "0-1"]
[WhiteElo "1205"]
[BlackElo "1463"]
[PlyCount "54"]
[EventDate "2012.12.16"]
[EventType "tourn (corr)"]
[EventRounds "6"]
[EventCountry "GER"]
[SourceTitle "Telechess CBM 161"]
[Source "ChessBase"]
[SourceDate "2014.07.16"]
[SourceVersion "1"]
[SourceVersionDate "2014.07.16"]
[SourceQuality "1"]

1. a3 d5 2. Nf3 g6 3. g3 Bg7 4. Bg2 c5 5. d4 cxd4 6. Nxd4 e5 7. Nb3 Ne7 8. 0-0 Nbc6 9. c3 0-0 10. Bg5 h6 11. Be3 b6 12. f4 Nf5 13. Bf2 e4 14. e3 Na5 15. N1d2 Ba6 16. Re1 Nd6 17. Nxa5 bxa5 18. Bf1 Bxf1 19. Rxf1 Rb8 20. Rb1 Qd7 21. Nb3 Nc4 22. Qc2 Qa4 23. Nd4 Qxc2 24. Nxc2 Nd2 25. Nd4 Rfc8 26. Rfd1 Nxb1 27. Rxb1 Rxc3 0-1

[Event "SE-2012-0-00132"]
[Site "LSS email"]
[Date "2013.02.02"]
[Round "?"]
[White "Hahn, Christof"]
[Black "Camps, Jean Pierre"]
[Result "1-0"]
[WhiteElo "1463"]
[BlackElo "1629"]
[PlyCount "81"]
[EventDate "2012.12.16"]
[EventType "tourn (corr)"]
[EventRounds "6"]
[EventCountry "GER"]
[SourceTitle "Telechess CBM 161"]
[Source "ChessBase"]
[SourceDate "2014.07.16"]
[SourceVersion "1"]
[SourceVersionDate "2014.07.16"]
[SourceQuality "1"]

1. e4 e6 2. d4 d5 3. Nd2 c5 4. exd5 exd5 5. Ngf3 Nf6 6. Bb5+ Bd7 7. Bxd7+ Nbxd7 8. 0-0 Be7 9. dxc5 Nxc5 10. Nb3 Nce4 11. Nfd4 0-0 12. Nf5 Re8 13. Nxe7+ Rxe7 14. Nd4 Rc8 15. Re1 Nd6 16. Rxe7 Qxe7 17. b3 Qe5 18. Bb2 Re8 19. Rb1 Nde4 20. Nf3 Qd6 21. Qd4 b6 22. Re1 h6 23. Qd3 Re7 24. g3 Ng4 25. Re2 Ngxf2 26. Rxf2 Nxf2 27. Kxf2 Re8 28. a4 Qe6 29. Bc3 f6 30. h4 h5 31. Bd2 Re7 32. Ng1 Qe4 33. Qxe4 Rxe4 34. Ne2 Re8 35. Kf3 Rc8 36. c3 Kf7 37. Nf4 d4 38. c4 Re8 39. Nxh5 g6 40. Nf4 f5 41. Nd3 1-0

[Event "SE-2012-0-00127"]
[Site "LSS email"]
[Date "2012.12.04"]
[Round "?"]
[White "Hahn, Christof"]
[Black "Van de Peut, Aart A"]
[Result "1-0"]
[WhiteElo "1481"]
[BlackElo "1392"]
[PlyCount "77"]
[EventDate "2012.11.08"]
[EventType "tourn (corr)"]
[EventRounds "6"]
[EventCountry "GER"]
[SourceTitle "Telechess CBM 159"]
[Source "ChessBase"]
[SourceDate "2014.03.17"]
[SourceVersion "1"]
[SourceVersionDate "2014.03.17"]
[SourceQuality "1"]

1. e4 e5 2. Nf3 Nc6 3. Bb5 a6 4. Ba4 Nf6 5. 0-0 b5 6. Bb3 d6 7. c3 Be7 8. Re1 0-0 9. h3 Nb8 10. d4 Nbd7 11. Nbd2 Bb7 12. Bc2 Re8 13. Nf1 Bf8 14. Ng3 g6 15. a4 c5 16. d5 c4 17. Bg5 Be7 18. Nh2 Nc5 19. Bh6 Rb8 20. Qf3 Bc8 21. Nhf1 bxa4 22. Bxa4 Nxa4 23. Rxa4 Rxb2 24. Nd2 Kh8 25. Nxc4 Rb5 26. Rea1 Rg8 27. Na5 g5 28. Nc6 Qc7 29. Rc4 g4 30. hxg4 Bxg4 31. Nxe5 dxe5 32. Qxf6+ Bxf6 33. Rxc7 Rb6 34. Be3 Rb2 35. Rxf7 Bh4 36. Nf5 Bxf5 37. Rxf5 Rc2 38. Rxa6 Rxc3 39. Ra7 1-0

[Event "CP-2012-P-00009"]
[Site "LSS email"]
[Date "2012.10.01"]
[Round "?"]
[White "Johnson, Heinrich"]
[Black "Hahn, Christof"]
[Result "1/2-1/2"]
[WhiteElo "1893"]
[BlackElo "1463"]
[PlyCount "97"]
[EventDate "2012.10.05"]
[EventType "tourn (corr)"]
[EventRounds "6"]
[EventCountry "GER"]
[SourceTitle "Telechess CBM 161"]
[Source "ChessBase"]
[SourceDate "2014.07.16"]
[SourceVersion "1"]
[SourceVersionDate "2014.07.16"]
[SourceQuality "1"]

1. e4 c5 2. Nf3 d6 3. d4 cxd4 4. Nxd4 Nf6 5. Nc3 a6 6. Bc4 e6 7. Bb3 b5 8. 0-0 Be7 9. Qf3 Qc7 10. Qg3 0-0 11. Bh6 Ne8 12. Rad1 Bd7 13. f4 Nc6 14. Nxc6 Bxc6 15. f5 Kh8 16. f6 Bxf6 17. Rxf6 gxh6 18. Rxh6 Rg8 19. Qh4 Rg7 20. Rd3 Qb6+ 21. Kf1 Qd8 22. Rf3 Nc7 23. Qf4 Qe7 24. Rf6 Rf8 25. Ne2 a5 26. a3 Bd7 27. Ng3 Ne8 28. Rh6 Kg8 29. c3 Bc6 30. h4 a4 31. Ba2 Bd7 32. Kg1 Rg6 33. Nh5 Bc6 34. Rg3 Kh8 35. e5 Be4 36. Rhxg6 Bxg6 37. Rg5 d5 38. Kh2 Qd8 39. Kh3 Rg8 40. g3 Qe7 41. Nf6 Nxf6 42. exf6 Qf8 43. h5 Bf5+ 44. g4 Rxg5 45. Qxg5 Bc2 46. h6 Bg6 47. Qf4 Kg8 48. Kg3 Qd8 49. b3 1/2-1/2

[Event "OP-2012-0-02339"]
[Site "LSS email"]
[Date "2012.08.05"]
[Round "?"]
[White "Pilgram, Kurt"]
[Black "Hahn, Christof"]
[Result "0-1"]
[WhiteElo "1731"]
[BlackElo "1337"]
[PlyCount "53"]
[EventDate "2012.08.02"]
[EventType "tourn (corr)"]
[EventRounds "4"]
[EventCountry "GER"]
[SourceTitle "Telechess CBM 165"]
[Source "ChessBase"]
[SourceDate "2015.03.11"]
[SourceVersion "1"]
[SourceVersionDate "2015.03.11"]
[SourceQuality "1"]

1. d4 Nf6 2. c4 e6 3. Nf3 d5 4. Bg5 Be7 5. Nc3 h6 6. Bh4 0-0 7. e3 b6 8. Be2 Bb7 9. Bxf6 Bxf6 10. cxd5 exd5 11. 0-0 Qe7 12. Qb3 Rd8 13. Rad1 c5 14. dxc5 Bxc3 15. Qxc3 bxc5 16. Rc1 Nd7 17. Rc2 Rab8 18. Rd1 Rbc8 19. Qb3 Nf6 20. Qa3 Ne4 21. Rdc1 Rd6 22. b3 Rf6 23. Bd3 d4 24. Nxd4 Rd8 25. Bf1 Rd7 26. Nf3 Rxf3 27. gxf3 0-1